00523nam a2200145 i 450000100060000000300090000600500170001500700030003200800410003510000330007624501750010926000490028430000220033385200220035532518ES-MaACL20251203063031.0t|030131s1932 sp ||||1| spa d1 aBergua, Juan B., d1892-199113aLa salvación roja b: bases para instauración de una república comunista en España según la nueva ética, la nueva moral y el nuevo Derecho / cJuan B. Bergua. aMadrid : b[s.n., c1932] (fSèz Hermanos) a210 p. ; c19 cm. aES-MaACLjF-13853